000 01107cam a2200301 i 4500
001 19258500
005 20180112042511.0
008 160901s2016 mauab b 001 0 eng
010 _a 2016429791
020 _a9781457681431 (combined edtion)
020 _a9781457681523 (vol. 1)
020 _a9781457681530 (vol. 2)
020 _a9781319027520 (combined looseleaf edtion)
020 _a9781457681523 (looseleaf, vol. 1)
020 _a9781457681530 (looseleaf, vol. 2)
040 _aDLC
_beng
_erda
_cDLC
_dDLC
041 _aeng
042 _apcc
080 _a909.09821 LYN
082 0 0 _a909.09821 LYN
_223
100 1 _a16
101 _aHIS
245 1 4 _aThe Making of the West :
_cLynn Hunt, University of California, Los Angeles; Thomas R. Martin, College of the Holy Cross; Barbara H. Rosenwein, Loyola University Chicago; Bonnie G. Smith, Rutgers University.
504 _aIncludes bibliographical references and index.
906 _a7
_bcbc
_corignew
_d2
_encip
_f20
_gy-gencatlg
942 _2ddc
_cBK
999 _c40180
_d40180